AutoCAD 2016: iki boyutlu tasarım-giriş ve orta düzey (Record no. 18921)

000 -LEADER
fixed length control field 01000nmm a2200313 a 4500
001 - CONTROL NUMBER
control field ocm0002015567
003 - CONTROL NUMBER IDENTIFIER
control field TR-IsHL
005 - DATE AND TIME OF LATEST TRANSACTION
control field 20201028175951.0
008 - FIXED-LENGTH DATA ELEMENTS--GENERAL INFORMATION
fixed length control field 181111s2016 tu tur
007 - PHYSICAL DESCRIPTION FIXED FIELD--GENERAL INFORMATION
fixed length control field cr cn
020 ## - INTERNATIONAL STANDARD BOOK NUMBER
International Standard Book Number 9786059129442
035 ## - SYSTEM CONTROL NUMBER
System control number 2015567
-- (N$T)
050 04 - LIBRARY OF CONGRESS CALL NUMBER
Classification number T385
Item number .B39 2016
090 04 - LOCALLY ASSIGNED LC-TYPE CALL NUMBER (OCLC); LOCAL CALL NUMBER (RLIN)
Classification number (OCLC) (R) ; Classification number, CALL (RLIN) (NR) T385
Local cutter number (OCLC) ; Book number/undivided call number, CALL (RLIN) .B39 2016
100 1# - MAIN ENTRY--PERSONAL NAME
Personal name Baykal, Gökalp
245 10 - TITLE STATEMENT
Title AutoCAD 2016: iki boyutlu tasarım-giriş ve orta düzey
Medium [electronic resource] /
Statement of responsibility, etc. Gökalp Baykal ; Murat Öğütlü, Tuncay Bakkal
250 ## - EDITION STATEMENT
Edition statement 1. baskı
260 ## - PUBLICATION, DISTRIBUTION, ETC.
Place of publication, distribution, etc. İstanbul :
Name of publisher, distributor, etc. Abaküs Yayınları,
Date of publication, distribution, etc. 2016
300 ## - PHYSICAL DESCRIPTION
Extent 768 p.
650 #4 - SUBJECT ADDED ENTRY--TOPICAL TERM
Topical term or geographic name entry element Bilgisayar
650 #4 - SUBJECT ADDED ENTRY--TOPICAL TERM
Topical term or geographic name entry element Computer Sciences
650 #0 - SUBJECT ADDED ENTRY--TOPICAL TERM
Topical term or geographic name entry element AutoCAD
650 #0 - SUBJECT ADDED ENTRY--TOPICAL TERM
Topical term or geographic name entry element Bilgisayar grafikleri
650 #0 - SUBJECT ADDED ENTRY--TOPICAL TERM
Topical term or geographic name entry element Computer graphics
650 #7 - SUBJECT ADDED ENTRY--TOPICAL TERM
Topical term or geographic name entry element COMPUTERS / Computer Graphics
Source of heading or term bisacsh
700 1# - ADDED ENTRY--PERSONAL NAME
Personal name Öğütlü, Murat
700 1# - ADDED ENTRY--PERSONAL NAME
Personal name Bakkal, Tuncay
856 40 - ELECTRONIC LOCATION AND ACCESS
Uniform Resource Identifier <a href="http://search.ebscohost.com/login.aspx?direct=true&scope=site&db=e011xww&AN=2015567">http://search.ebscohost.com/login.aspx?direct=true&scope=site&db=e011xww&AN=2015567</a>
Holdings
Withdrawn status Lost status Source of classification or shelving scheme Damaged status Not for loan Collection code Permanent Location Current Location Date acquired Total Checkouts Full call number Barcode Date last seen Price effective from Koha item type
        Online   Kıbrıs Amerikan Üniversitesi Kütüphanesi / American University of Cyprus Kıbrıs Amerikan Üniversitesi Kütüphanesi / American University of Cyprus 28.10.2020   T385 .B39 2016 2015567 28.10.2020 28.10.2020 E-Kitap
Devinim Yazılım Eğitim Danışmanlık tarafından Koha'nın orjinal sürümü uyarlanarak geliştirilip kurulmuştur.